Asentamientos extractivos en América del Sur.
Kaydedildi:
| Yazar: | |
|---|---|
| Diğer Yazarlar: | , , , |
| Materyal Türü: | Bilinmiyor |
| Dil: | İngilizce |
| Baskı/Yayın Bilgisi: |
Barcelona, España:
Reverté,
2018.
|
| Seri Bilgileri: | Estudios Universitarios de Arquitectura (EUA),
|
| Konular: | |
| Etiketler: |
Etiketle
Etiket eklenmemiş, İlk siz ekleyin!
|
MARC
| LEADER | 00000 a2200000 4500 | ||
|---|---|---|---|
| 003 | CL-VaPUC | ||
| 005 | 20241106151517.0 | ||
| 008 | 241025t2018 ||||| |||| 00| 0 eng d | ||
| 999 | |c 445050 |d 445048 | ||
| 020 | |a 978-84-291-2131-5 | ||
| 040 | |c Pontificia Universidad Católica de Valparaíso | ||
| 082 | |2 22 |a 711.4098 COR 2018 | ||
| 100 | |a Correa, Felipe |9 892121 |e autor | ||
| 245 | |a Asentamientos extractivos en América del Sur. | ||
| 260 | |a Barcelona, España: |b Reverté, |c 2018. | ||
| 300 | |a 196 páginas: ilustraciones. | ||
| 490 | |a Estudios Universitarios de Arquitectura (EUA), |n 31. | ||
| 583 | |k Yessy Díaz Vidal |c 20241025 | ||
| 650 | 0 | |9 331978 |a Arquitectura urbana |x Extracción de recursos |z América Latina | |
| 650 | 0 | |9 265706 |a Urbanización |x Poblaciones mineras |v Proyectos arquitectónicos |z América del Sur | |
| 700 | |9 892818 |a Fariña Tojo, José |e proemio | ||
| 700 | |9 892819 |a Gutiérrez Viñuales, Alejo |e prólogo | ||
| 700 | |9 892820 |a Carballal, Alba |e traducción | ||
| 700 | |9 892821 |a Sainz, Jorge |e edición | ||
| 942 | |2 ddc |c BK | ||
| 952 | |0 0 |1 0 |2 ddc |4 0 |6 711_409800000000000_COR_2018 |7 0 |8 A |9 597548 |a BIBARQ |b BIBARQ |d 2024-10-24 |e 3 |g 60073.67 |i 5663072 |o 711.4098 COR 2018 |p 5663072 |r 2025-01-20 |t 1 |v 60073.67 |w 2024-10-24 |y BK |k MAD | ||